| 000 | 00788cam a22002773a 4500 | ||
|---|---|---|---|
| 001 | 233 | ||
| 003 | PGUSA | ||
| 005 | 20140828082945.0 | ||
| 008 | 950301s1995||||xxu|||||s|||||000 1 eng d | ||
| 040 |
_aPGUSA _beng |
||
| 042 | _adc | ||
| 050 | 4 | _aPS | |
| 100 | 1 |
_aDreiser, Theodore, _d1871-1945 |
|
| 245 | 1 | 0 |
_aSister Carrie : _bA Novel _h[electronic resource] / _cTheodore Dreiser |
| 260 |
_bProject Gutenberg, _c1995 |
||
| 506 | _aPublic domain in the USA. | ||
| 516 | _aElectronic text | ||
| 653 | _aDidactic fiction | ||
| 653 | _aChicago (Ill.) -- Fiction | ||
| 653 | _aYoung women -- Fiction | ||
| 653 | _aNew York (N.Y.) -- Fiction | ||
| 653 | _aMistresses -- Fiction | ||
| 830 | 0 |
_aProject Gutenberg _v233 |
|
| 856 | 4 | 0 | _uhttp://www.gutenberg.org/ebooks/233 |
| 942 | _cEB | ||
| 999 |
_c229586 _d229586 |
||